000 00368 a2200157 4500
001 74606
020 _a8533907109
040 _cAnchieta - Colégio São Paulo
100 _aVieira , Isabel
240 1 0 _aAs minas do rei Salomão
_lpor
245 1 0 _aAs minas do rei Salomão
300 _a32
362 0 _a2004
650 4 _aLiteratura infanto-juvenil
942 _cBK
999 _c74606
_d74606